5HLuxD.jpg

KING HENRY VIII SENIOR AND PRIMARY SCHOOL LIBRARY OPAC

What was the Gold Rush? / (Record no. 4623)

000 -LEADER
fixed length control field 00562cam a2200169 4500
008 - FIXED-LENGTH DATA ELEMENTS--GENERAL INFORMATION
fixed length control field 221003s2013 nyuabf j b 000 0 eng
010 ## - LIBRARY OF CONGRESS CONTROL NUMBER
LC control number 2012024488
020 ## - INTERNATIONAL STANDARD BOOK NUMBER
International Standard Book Number 9780448462899
Qualifying information (pbk.) :
Terms of availability NT$210
050 00 - LIBRARY OF CONGRESS CALL NUMBER
Classification number F865
Item number .H697 2013
082 0# - DEWEY DECIMAL CLASSIFICATION NUMBER
Classification number 979.404 HOL
Item number H758
100 1# - MAIN ENTRY--PERSONAL NAME
Personal name Holub, Joan,
Relator term aut.
245 10 - TITLE STATEMENT
Title What was the Gold Rush? /
Statement of responsibility, etc. by Joan Holub ; illustrated by Tim Tomkinson.
260 ## - PUBLICATION, DISTRIBUTION, ETC.
Place of publication, distribution, etc. New York :
Name of publisher, distributor, etc. Penguin Workshop,
Date of publication, distribution, etc. c2013.
300 ## - PHYSICAL DESCRIPTION
Extent 105 p., [16] p. of plates :
Other physical details ill., maps ;
Dimensions 20 cm.
500 ## - GENERAL NOTE
General note "An official Who HQ book"--Cover.
942 ## - ADDED ENTRY ELEMENTS (KOHA)
Source of classification or shelving scheme
Holdings
Withdrawn status Lost status Source of classification or shelving scheme Damaged status Not for loan Collection code Permanent Location Current Location Shelving location Date acquired Full call number Barcode Date last seen Price effective from Koha item type Public note
          Non-Fiction KH8 Primary School Library KH8 Primary School Library Non Fiction 2025-03-06 979.404 HOL KHPL000006440 2025-12-05 2025-03-06 Books - Non Ficton KH8 PRIMARY LIBRARY

Powered By KH8 IT Dept